Busiest routes from Busan Airport by passenger numbers - Statistics

General Stats
  • This quiz has been taken 189 times
  • The average score is 10 of 15
Answer Stats
Ranking Passenger Numbers Airport % Correct
10 301,342 Beijing-Capital
99%
2 2,576,056 Seoul-Gimpo
99%
8 372,117 Seoul-Incheon
99%
5 582,141 Tokyo-Narita
99%
9 369,112 Shanghai-Pudong
96%
7 377,635 Hong Kong
88%
3 1,179,812 Osaka-Kansai
86%
4 656,012 Taipei-Taoyuan
76%
6 524,905 Bangkok-Suvarnabhumi
73%
1 4,175,680 Jeju
69%
12 247,405 Manila
63%
11 251,859 Cebu
22%
14 228,219 Guam
20%
15 195,989 Qingdao
20%
13 241,226 Da Nang
15%
No matching quizzes found
Score Distribution
Percent of People with Each Score
Percentile by Number Answered
Your Score History
You have not taken this quiz